LIBRARY & INFORMATION CENTRE, KCAET, TAVANUR

ONLINE PUBLIC ACCESS CATALOGUE (OPAC)

Design of agricultural machinery (Record no. 15352)

MARC details
000 -LEADER
fixed length control field 00357nam a22001457a 4500
020 ## - INTERNATIONAL STANDARD BOOK NUMBER
ISBN 047108672X
082 ## - DEWEY DECIMAL CLASSIFICATION NUMBER
Classification number 681.763
Item number KRU/DE
100 ## - MAIN ENTRY--AUTHOR NAME
Personal name Krutz, Gary
245 ## - TITLE STATEMENT
Title Design of agricultural machinery
260 ## - PUBLICATION, DISTRIBUTION, ETC. (IMPRINT)
Place of publication U.S.A
Name of publisher John Wiley & Sons
Year of publication 1984
300 ## - PHYSICAL DESCRIPTION
Number of Pages 472
700 ## - ADDED ENTRY--PERSONAL NAME
Personal name Thompson, Lester
700 ## - ADDED ENTRY--PERSONAL NAME
Personal name Claar, Paul
942 ## - ADDED ENTRY ELEMENTS (KOHA)
Koha item type Reference
Holdings
Withdrawn status Lost status Damaged status Home library Current library Shelving location Date acquired Full call number Accession Number Koha item type
      KAUAET KAUAET Reference1 17/03/2018 681.763 KRU/DE 25430 Reference
      KAUAET KAUAET   06/09/2021 631.3 KRU/DE 15916 Books
      KAUAET KAUAET   11/01/2023 681.763 KRU/DE 19751 Books
free website counter